Statystyki dla Państwa z najwiekszą stratą ludności po II WŚ

Kliknij tutaj aby rozwiązać quiz!

Ogólne statystyki

  • Ten quiz został rozwiązany 212 razy
    (166 od ostatniego zresetowania)
  • Średni wynik to 11 z 14

Statystyki odpowiedzi

HintOdpowiedź% Poprawnych
6,35mlnIII Rzesza
100%
27mlnZSRR
100%
6mlnPolska
99%
360tyśFrancja
96%
333tyśWielka Brytania
92%
407tyśUSA
91%
300tyśWłochy
89%
3,8mlnJaponia
88%
13,5mlnChiny
85%
950tyśWęgry
63%
180tyśGrecja
60%
1,69mlnJugosławia
58%
378tyśRumunia
58%
220tyśHolandia
55%

Rozkład punktacji

Percentyl według liczby udzielonych odpowiedzi

Procent ludzi z każdym wynikiem

Twoja historia wyników

Nie rozwiązałeś tego quizu od ostatniego zresetowania